<?xml version="1.0" encoding="UTF-8"?>
<record
    xmlns:xsi="http://www.w3.org/2001/XMLSchema-instance"
    xsi:schemaLocation="http://www.loc.gov/MARC21/slim http://www.loc.gov/standards/marcxml/schema/MARC21slim.xsd"
    xmlns="http://www.loc.gov/MARC21/slim">

  <leader>01895nam a2200385   4500</leader>
  <controlfield tag="001">114019</controlfield>
  <controlfield tag="003">DR-UNIBE</controlfield>
  <controlfield tag="005">20250807062548.0</controlfield>
  <controlfield tag="008">250806b2025    dr ||||| |||| 00| 1 spa d</controlfield>
  <datafield tag="020" ind1=" " ind2=" ">
    <subfield code="a">9789945246094</subfield>
  </datafield>
  <datafield tag="040" ind1=" " ind2=" ">
    <subfield code="a">BIBLIOTECA UNIBE</subfield>
    <subfield code="b">spa</subfield>
    <subfield code="c">BIBLIOTECA UNIBE</subfield>
    <subfield code="e">rda</subfield>
  </datafield>
  <datafield tag="041" ind1=" " ind2=" ">
    <subfield code="a">spa</subfield>
  </datafield>
  <datafield tag="090" ind1=" " ind2=" ">
    <subfield code="a">FBIU-L-CI AN629m</subfield>
  </datafield>
  <datafield tag="100" ind1="1" ind2="0">
    <subfield code="a">Antigua, Kianny N.,</subfield>
    <subfield code="d">1979-</subfield>
    <subfield code="9">39277</subfield>
    <subfield code="e">autor</subfield>
  </datafield>
  <datafield tag="245" ind1="1" ind2="0">
    <subfield code="a">M&#xED;a y un mundo de amistades /</subfield>
    <subfield code="c">Kianny N. antigua ; ilustraciones:  Jos&#xE9; Amado Polanco, Stalin N&#xFA;&#xF1;ez, Erika Soto Salcedo; direcci&#xF3;n editorial: Claudia Llibre; direcci&#xF3;n de arte y producci&#xF3;n: Mois&#xE9;s Kelly Santana ; Subdirecci&#xF3;n de arte: Lilian Salcedo Fern&#xE1;ndez; edici&#xF3;n: Jorge Luis Zamora; correcci&#xF3;n de estilo: Gisela Vargas Ortega; diagramaci&#xF3;n: Ana G&#xF3;mez Ota&#xF1;o</subfield>
  </datafield>
  <datafield tag="250" ind1=" " ind2=" ">
    <subfield code="a">Primera edici&#xF3;n</subfield>
  </datafield>
  <datafield tag="260" ind1=" " ind2=" ">
    <subfield code="a">Santo Domingo:  </subfield>
    <subfield code="b">Loqueleo :</subfield>
    <subfield code="b">Santillana, </subfield>
    <subfield code="c">2025</subfield>
  </datafield>
  <datafield tag="300" ind1=" " ind2=" ">
    <subfield code="a">68 p&#xE1;ginas :</subfield>
    <subfield code="b">ilustraciones a color ; </subfield>
    <subfield code="c">19 x 13 cm</subfield>
  </datafield>
  <datafield tag="490" ind1=" " ind2=" ">
    <subfield code="a">Serie Morada / Cuento / Colecci&#xF3;n M&#xED;a y Esteban ;</subfield>
    <subfield code="v">+ 8</subfield>
  </datafield>
  <datafield tag="500" ind1=" " ind2=" ">
    <subfield code="a">Incluye datos del autor al final de la obra y comentario de la misma en la contraportada</subfield>
  </datafield>
  <datafield tag="653" ind1=" " ind2="7">
    <subfield code="a">Cuentos infantiles domincanos</subfield>
  </datafield>
  <datafield tag="653" ind1=" " ind2="7">
    <subfield code="a">Amistad - Cuentos infantiles dominicanos</subfield>
  </datafield>
  <datafield tag="653" ind1=" " ind2="7">
    <subfield code="a">Alfabeto - Cuentos infantiles dominicanos</subfield>
  </datafield>
  <datafield tag="653" ind1=" " ind2="7">
    <subfield code="a">Literatura infantil dominicana</subfield>
  </datafield>
  <datafield tag="700" ind1="1" ind2="0">
    <subfield code="a">Polanco, Jos&#xE9; Amado</subfield>
    <subfield code="9">53388</subfield>
    <subfield code="e">ilustrador</subfield>
  </datafield>
  <datafield tag="700" ind1=" " ind2="0">
    <subfield code="a">N&#xFA;&#xF1;e, Stalin</subfield>
    <subfield code="e">ilustrador</subfield>
    <subfield code="9">53478</subfield>
  </datafield>
  <datafield tag="700" ind1="1" ind2="0">
    <subfield code="a">Soto Salcedo, Erika</subfield>
    <subfield code="9">198231</subfield>
    <subfield code="e">ilustrador</subfield>
  </datafield>
  <datafield tag="700" ind1="1" ind2="0">
    <subfield code="a">Llibre, Claudia</subfield>
    <subfield code="9">115216</subfield>
    <subfield code="e">director editorial</subfield>
  </datafield>
  <datafield tag="700" ind1="1" ind2="0">
    <subfield code="a">Kelly Santana, Mois&#xE9;s</subfield>
    <subfield code="9">115217</subfield>
    <subfield code="e">director de arte</subfield>
    <subfield code="e">producci&#xF3;n</subfield>
  </datafield>
  <datafield tag="700" ind1="1" ind2="0">
    <subfield code="a">Salcedo Fern&#xE1;ndez, Lilian</subfield>
    <subfield code="9">115218</subfield>
    <subfield code="e">subdirector de arte</subfield>
  </datafield>
  <datafield tag="700" ind1="1" ind2="0">
    <subfield code="a">Zamora, Jorge Luis</subfield>
    <subfield code="9">155167</subfield>
    <subfield code="e">editor</subfield>
  </datafield>
  <datafield tag="700" ind1="1" ind2="0">
    <subfield code="a">Vargas Ortega, Gisela</subfield>
    <subfield code="9">185539</subfield>
    <subfield code="e">corrector de estilo</subfield>
  </datafield>
  <datafield tag="700" ind1="1" ind2="0">
    <subfield code="a">G&#xF3;mez Ota&#xF1;o, Ana</subfield>
    <subfield code="9">115219</subfield>
    <subfield code="e">digramador</subfield>
  </datafield>
  <datafield tag="942" ind1=" " ind2=" ">
    <subfield code="2">ddc</subfield>
    <subfield code="c">BK</subfield>
  </datafield>
  <datafield tag="999" ind1=" " ind2=" ">
    <subfield code="c">114019</subfield>
    <subfield code="d">114019</subfield>
  </datafield>
  <datafield tag="952" ind1=" " ind2=" ">
    <subfield code="0">0</subfield>
    <subfield code="1">0</subfield>
    <subfield code="2">ddc</subfield>
    <subfield code="7">1</subfield>
    <subfield code="8">FBIU</subfield>
    <subfield code="a">Principal</subfield>
    <subfield code="d">2025-07-10</subfield>
    <subfield code="l">0</subfield>
    <subfield code="o">FBIU-L-CI AN629m</subfield>
    <subfield code="p">FBIU0877</subfield>
    <subfield code="r">2025-08-06 10:56:17</subfield>
    <subfield code="t">EJ.1</subfield>
    <subfield code="w">2025-08-06</subfield>
    <subfield code="y">BK-RES</subfield>
  </datafield>
</record>
